| 000 | 01412 a2200217 4500 | ||
|---|---|---|---|
| 001 | 25035 | ||
| 005 | 20260407155534.0 | ||
| 008 | 260407a1973 arg spa d | ||
| 003 | AR-UNSa-BCEJYS | ||
| 040 |
_aAR-UNSa-BCEJYS _bspa _cAR-UNSa-BCEJYS |
||
| 080 |
_a519.2 _xProbabilidades y estadística matemática |
||
| 245 | 1 | 0 | _aElementos modernos de estadística empresarial |
| 264 | 1 |
_aBogotá : _bPrentice/Hall Internacional _c1973 |
|
| 300 |
_aix, 461 p. _c24 cm. |
||
| 505 | _a1. Introducción - 2. Reducción de datos : distribuciones de frecuencias - 3. Reducción de datos : descripciones estadísticas - 4. Reducción de datos : números índices - 5. Probabilidades - 6. Esperanzas, juegos y decisiones - 7. Distribuciones de probabilidad - 8. Muestreo y distribuciones muestrales - 9. Teoría de la decisión : Estimación - 10. Teoría de la decisión : Contraste de hipótesis - 11. Decisión : Análisis de la varianza - 12. Decisión : Estadígrafos simplificados y métodos no paramétricos - 13. Teoría de la decisión : regresión y correlación - 14. Teoría de la decisión : Análisis de series cronológicas - 15. Planeación de la investigación empresarisl - 16. Introducción a la investigación de operaciones. | ||
| 942 | _cBK | ||
| 590 | _aniveau_biblio:m niveau_hierar:0 | ||
| 100 | 1 | _aFreund, John E. | |
| 700 | 1 | _aWilliams, Frank J. | |
| 700 | 1 | _aCastaño Ceballos, Jesús Maria | |
| 999 |
_c1277 _d1277 |
||